|
|
|
|
| LEADER |
00661cam a2200181ua 4500 |
| 008 |
110119t2004||||||||||| 00 ||||| c |
| 082 |
|
|
|a 780.92
|b SAD/K
|
| 245 |
0 |
0 |
|a Karnataka`s hindustani musicians /
|
| 260 |
|
|
|a New Delhi:
|b BR Rhythms,
|c 2004.
|
| 300 |
|
|
|a 191p..
|
| 362 |
1 |
|
|a 2004.
|
| 650 |
|
|
|a Music
|
| 650 |
0 |
|
|a Hindustani music
|
| 700 |
0 |
2 |
|a Sadanand Kanavalli,
|
| 942 |
|
|
|c BK
|
| 999 |
|
|
|c 24659
|d 24659
|
| 952 |
|
|
|0 0
|1 0
|4 0
|6 780_920000000000000_SAD
|7 0
|9 26236
|a KUCL
|b KUCL
|d 2014-05-23
|l 0
|o 780.92 SAD/
|p 22459
|r 2014-05-23
|w 2014-05-23
|y BK
|
| 952 |
|
|
|0 0
|1 0
|4 0
|6 780_920000000000000_SAD
|7 0
|9 26237
|a KUCL
|b KUCL
|d 2014-05-23
|l 0
|o 780.92 SAD/
|p 26421
|r 2014-05-23
|w 2014-05-23
|y BK
|